Problém chudoby v slovenskej spoločnosti
Stručný prehľad na problematiku chudoby v slovenskej spoločnosti ako aj upriamenie pozornosti na najviac ohrozené skupiny obyvateľstva, príčiny jej vzniku, dôsledky a nástroje na jej zmierňovanie
Na minha lista:
| Autor principal: | |
|---|---|
| Formato: | Capítulo de Livro |
| Idioma: | eslovaco |
| Assuntos: | |
| Tags: |
Sem tags, seja o primeiro a adicionar uma tag!
|
MARC
| LEADER | 00000nla$a2200000$$$4500 | ||
|---|---|---|---|
| 001 | 0076908 | ||
| 005 | 20230113084246.4 | ||
| 041 | 0 | |a slo | |
| 044 | |a SK | ||
| 245 | 1 | 0 | |a Problém chudoby v slovenskej spoločnosti |c Peter Sika |
| 520 | |a Stručný prehľad na problematiku chudoby v slovenskej spoločnosti ako aj upriamenie pozornosti na najviac ohrozené skupiny obyvateľstva, príčiny jej vzniku, dôsledky a nástroje na jej zmierňovanie | ||
| 610 | 2 | 0 | |a chudoba |
| 610 | 2 | 0 | |a obyvateľstvo |
| 610 | 2 | 0 | |a Slovensko |
| 610 | 2 | 0 | |a Rómovia |
| 610 | 2 | 0 | |a nezamestnanosť |
| 610 | 2 | 0 | |a trh práce |
| 100 | 1 | |a Sika, Peter, 1975- | |